00711 a2200205 450000100060000002000180000604000240002410000190004824000260006724500210009330000070011436200090012144000120013065000310014294200070017395201040018095201020028495201020038699900170048846359 a9788508111770 cAnchieta - Aquarius aLagarta, Marta10aRima ou combina?lpor10aRima ou combina? a320 a2007 1aÁtica 4aLiteratura infanto-juvenil cBK 00104070a87.1b87.1d2023-11-21l0o028.5 LAG RIMp4110/AQUr2023-11-21 15:12:50w2023-11-21yBK 00104070a12.29b12.29d2024-03-27l0o028.5 L169Rp2A1075r2024-03-27 22:40:24w2024-03-27yBK 00104070a12.29b12.29d2024-03-27l0o028.5 L169Rp2A1280r2024-03-27 22:40:24w2024-03-27yBK c46359d46359